Villes de l'Empire allemand - Statistiques

Statistiques générales
  • Ce quiz a été pris 73 fois
  • Le résultat moyen est 11 sur 22
Statistiques - réponses
Villes Population en 1900 % Correct
Berlin 1 888 848
100%
München 499 932
98%
Hamburg 705 738
88%
Frankfurt am Main 288 289
86%
Köln 372 229
82%
Leipzig 456 124
70%
Bremen 161 184
68%
Nürnberg 261 081
68%
Stuttgart 166 699
68%
Straßburg 151 041
67%
Dresden 396 146
64%
Hannover 235 666
56%
Düsseldorf 213 711
48%
Königsberg 189 483
41%
Magdeburg 229 667
30%
Breslau 422 700
29%
Stettin 210 702
18%
Chemnitz 206 913
14%
Halle 156 609
5%
Charlottenburg 189 305
2%
Elberfeld 156 966
2%
Altona 161 501
0%
Aucun quiz correspondant
Distribution des résultats
% des personnes avec chaque résultat
Percentile par nombre de réponses
Votre historique - résultats
Vous n’avez pas pris ce quiz